00673nam a2200193Ia 4500008004100000020001500041082001500056100002300071245007000094250000800164260004600172300003000218500001900248600002100267650005000288942000700338952011700345999001700462240925s9999 xx 000 0 und d a8177589938 a004.22 STA aStallings, William 0aComputer Organization and Architecture: designing for performance a7th aNew Delhi:bPearson Printice Hallc,2006. axxi,1767p.bNAfPhotocopy aIncludes Index aComputer Science aComputer science, information & general works cBK 001040708CSaUITUbUITUd2009-08-21eF.B.Cg450.00l0o004.22 STApQ7519r2024-09-25 07:14:38w2024-09-25yBK c10018d10018